Minecraft quiz - Statistics

General Stats
  • This quiz has been taken 41 times
  • The average score is 5 of 12
Answer Stats
Hint Answer % Correct
item that allows you to negate death totem of undying
72%
what is the least protective piece of armor? boots
63%
unbreakable block bedrock
56%
potion that gives resistance and slowness turtle master
53%
item required to make potion duration longer redstone
47%
item that a turtle drops when killed scute
47%
what effect restores hunger? saturation
44%
tamable docile mob wolf
44%
amount of damage reduction per level of protection 4%
34%
longest potion name? Lingering potion of the turtle master
9%
longest block name? waxed weathered cut copper stairs
9%
what is disabled in ultra-hardcore? natural healing
6%
No matching quizzes found
Score Distribution
Percent of People with Each Score
Percentile by Number Answered
Your Score History
You have not taken this quiz